Obálka Náhled e-knihy:
Epub
Pro půjčování e-knih musíte být přihlášeni.
Jak si půjčit online?

Světlo pulsaru /

V roce 2217 skončily Koloniální války, největší a nejničivější konflikt, který kdy lidstvo poznalo. Obě znepřátelené strany, jak pozemské megakorporace, zastoupené Vesmírnou asociací, tak Extrasolární společenství, sdružující svobodně smýšlející lidské kolonie, utrpěly velké ztráty a uzavření mírové...

Celý popis

Uloženo v:
Série:Vesmírná asociace, část 1
Hlavní autor: Pitzmos, Aleš (Autor)
Médium: E-kniha
Jazyk:Czech
Vydáno: Praha : NEMETON, 2026
Příbuzné jednotky:Z cyklu:: Vesmírná asociace
Tagy:
Žádné tagy
LEADER 02431nam a22002417i 4500
001 302762
007 ta
008 260514s2026 xr ||||| |||| 00| 0 cze d
020 |a 9990004270459 
044 |a xr 
100 1 |a  Pitzmos, Aleš  |4 aut 
245 1 0 |a Světlo pulsaru /  |c  Pitzmos, Aleš 
264 1 |a Praha :  |b NEMETON,  |c 2026 
300 |a 1 online zdroj (345 stran) 
336 |a text  |b txt  |2 rdacontent 
337 |a bez média  |b n  |2 rdamedia 
338 |a online zdroj  |b cr  |2 rdacarrier 
520 2 |a V roce 2217 skončily Koloniální války, největší a nejničivější konflikt, který kdy lidstvo poznalo. Obě znepřátelené strany, jak pozemské megakorporace, zastoupené Vesmírnou asociací, tak Extrasolární společenství, sdružující svobodně smýšlející lidské kolonie, utrpěly velké ztráty a uzavření mírové smlouvy bylo poslední možností, jak se vyhnout vzájemnému zničení. Ani o deset let později staré vášně nevychládají a dávné křivdy jsou stále živé… Jmenuji se Desmond Sommers. V této nejisté době se s mou osmiletou dcerou Florou vydávám na stanici Lighthouse, nacházející se v planetárním systému pulsaru PSR B1257+12, abych na ní převzal velení a začal nový život bez rizika a napětí, které jsem tak často zažíval coby velitel záchranného týmu. Ihned po příletu mě však začínají sužovat zvláštní vize, na stanici dojde k sabotáži, a navíc se dozvídám nečekané věci o své manželce, která zemřela při nehodě reaktoru na neptunské stanici Stormcloud a s jejíž smrtí jsem se dosud nevyrovnal. Když na stanici zaútočí lodě Extrasolárního společenství, spustí se řetězec událostí, který mě dovede nejenom na Eridanus, první loď schopnou cestovat hyperprostorovými koridory, ale dostanu se i na stopu utajovaného a nebezpečného konsorcia OROS. A zjistím, že mám s událostmi, které se dějí, společného víc, než bych si kdy přál... 
787 0 8 |g 1  |i Z cyklu:  |t Vesmírná asociace 
910 |a RBIT002 
998 |d 427045  |a https://core.palmknihy.cz/api/books/427045/cover?tevtre  |b https://core.palmknihy.cz/api/books/427045/cover/400?tevtre  |c https://core.palmknihy.cz/api/books/427045/cover/50?tevtre  |e   |g 345  |i 9990004270459  |j https://core.palmknihy.cz/api/books/427045/preview.epub  |l   |q 49  |r 1  |s https://www.palmknihy.cz/kniha/427045  |t ebook  |y 2026  |z 1  |v Vesmírná asociace  |w 1 
999 |d 302760